[Event "Hessenliga 1516"]
[Site "Germany"]
[Date "2015.11.08"]
[Round "2.3"]
[White "Peters, Ingo"]
[Black "Reh, Stefan"]
[Result "1-0"]
[WhiteElo "2097"]
[BlackElo "2019"]
[PlyCount "55"]
[EventDate "2015.09.27"]
[EventType "team-tourn"]
[EventRounds "9"]
[EventCountry "GER"]
[SourceTitle "EXT 2018"]
[Source "ChessBase"]
[SourceDate "2017.10.13"]
[SourceVersion "1"]
[SourceVersionDate "2017.10.13"]
[SourceQuality "1"]
[WhiteTeam "Gernsheim"]
[BlackTeam "Gelnhausen"]
[WhiteTeamCountry "GER"]
[BlackTeamCountry "GER"]

1. e4 e5 2. Nc3 Bc5 3. Bc4 d6 4. d3 c6 5. Nge2 b5 6. Bb3 Qf6 7. 0-0 Ne7 8. Be3 g5 9. Qd2 h6 10. d4 Bb6 11. a3 Na6 12. d5 Bb7 13. dxc6 Bxc6 14. Bxb6 axb6 15. Nd5 Nxd5 16. Bxd5 Rc8 17. Bxc6+ Rxc6 18. Qd5 Nb8 19. Qxb5 0-0 20. c3 Qd8 21. Rad1 f5 22. Qd5+ Kg7 23. exf5 Rxf5 24. Ng3 Rf8 25. Nh5+ Kg6 26. Qe4+ Kxh5 27. g4+ Kh4 28. Qg2 1-0

[Event "Hessenliga 1415"]
[Site "Hessen"]
[Date "2014.10.12"]
[Round "2.4"]
[White "Rutkowski, Ingo"]
[Black "Reh, Stefan"]
[Result "1/2-1/2"]
[WhiteElo "2168"]
[BlackElo "2024"]
[PlyCount "82"]
[EventDate "2014.09.28"]
[EventType "team-tourn"]
[EventRounds "9"]
[EventCountry "GER"]
[SourceTitle "EXT 2016"]
[Source "ChessBase"]
[SourceDate "2015.10.08"]
[SourceVersion "1"]
[SourceVersionDate "2015.10.08"]
[SourceQuality "1"]
[WhiteTeam "Frankfurt TV"]
[BlackTeam "Gelnhausen"]
[WhiteTeamCountry "GER"]
[BlackTeamCountry "GER"]

1. e4 e5 2. Nf3 Nc6 3. Bc4 Bc5 4. 0-0 d6 5. c3 Bg4 6. b4 Bb6 7. a4 a5 8. b5 Nb8 9. d4 Nd7 10. Qd3 Bxf3 11. Qxf3 Qf6 12. Be3 Ne7 13. Nd2 0-0 14. Qxf6 Nxf6 15. dxe5 Bxe3 16. exf6 Bxd2 17. fxe7 Rfe8 18. Ra3 Rxe7 19. Bd5 c6 20. bxc6 bxc6 21. Bxc6 Rc8 22. Bd5 Bxc3 23. Rc1 Rec7 24. g3 g6 25. Kg2 Kg7 26. Ra2 Bb4 27. Rxc7 Rxc7 28. f4 Rc3 29. Rf2 f6 30. Rf3 Rc2+ 31. Rf2 Rc5 32. Bb3 Rc3 33. Bd5 h5 34. h4 Rc5 35. f5 Bc3 36. fxg6 Kxg6 37. Rc2 Be5 38. Rxc5 dxc5 39. Kf3 Bd6 40. g4 hxg4+ 41. Kxg4 Be5 1/2-1/2

[Event "Wiesbaden op 25th"]
[Site "Wiesbaden"]
[Date "2013.08.24"]
[Round "5"]
[White "Lanz, Udo"]
[Black "Reh, Stefan"]
[Result "1-0"]
[WhiteElo "1900"]
[BlackElo "2035"]
[PlyCount "59"]
[EventDate "2013.08.22"]
[EventType "swiss"]
[EventRounds "7"]
[EventCountry "GER"]
[SourceTitle "CBM 156 Extra"]
[Source "ChessBase"]
[SourceDate "2013.10.22"]
[SourceVersion "1"]
[SourceVersionDate "2013.10.22"]
[SourceQuality "1"]

1. d4 d5 2. Bf4 e6 3. Nf3 Nf6 4. e3 Be7 5. h3 b6 6. c3 Ne4 7. Bd3 f5 8. Ne5 0-0 9. Nd2 Bb7 10. Ndf3 c5 11. Qc2 Nd6 12. g4 Nd7 13. Nxd7 Qxd7 14. Ne5 Qd8 15. 0-0-0 c4 16. Be2 b5 17. Rdg1 Qa5 18. Kb1 b4 19. Qc1 Nb5 20. cxb4 Qxb4 21. gxf5 Rac8 22. Rxg7+ Kxg7 23. Qg1+ Kh8 24. Ng6+ hxg6 25. Qxg6 Bf6 26. Rg1 Qe7 27. Bg5 Bxg5 28. Rxg5 Rf7 29. f6 Rg8 30. Qxg8# 1-0

[Event "Wiesbaden op 25th"]
[Site "Wiesbaden"]
[Date "2013.08.23"]
[Round "2"]
[White "Reh, Stefan"]
[Black "Khenkin, Igor"]
[Result "0-1"]
[WhiteElo "2035"]
[BlackElo "2617"]
[PlyCount "106"]
[EventDate "2013.08.22"]
[EventType "swiss"]
[EventRounds "7"]
[EventCountry "GER"]
[SourceTitle "CBM 156 Extra"]
[Source "ChessBase"]
[SourceDate "2013.10.22"]
[SourceVersion "1"]
[SourceVersionDate "2013.10.22"]
[SourceQuality "1"]

1. e4 c6 2. Nc3 d5 3. Qf3 dxe4 4. Nxe4 Nd7 5. d4 Ngf6 6. c3 Nxe4 7. Qxe4 Nf6 8. Qf4 Qd5 9. Nf3 Bf5 10. Be2 e6 11. 0-0 Bd6 12. Ne5 Nd7 13. c4 Bxe5 14. cxd5 Bxf4 15. dxc6 Bxh2+ 16. Kxh2 bxc6 17. Bf4 Nf6 18. Rac1 Be4 19. Ba6 Rd8 20. Rfd1 Nd5 21. Bg3 Ne7 22. Bb7 Rd7 23. Ba6 0-0 24. f3 Bd5 25. b3 Nf5 26. Bf2 h5 27. Rd3 g5 28. Rd2 Kg7 29. Rc3 Rh8 30. Kg1 h4 31. Bf1 Ng3 32. Ba6 Nh5 33. Be3 g4 34. Bg5 Ng3 35. Bd3 f6 36. Bf4 Nh5 37. Be3 gxf3 38. gxf3 Bxf3 39. Rh2 Ng3 40. Kf2 Ne4+ 41. Bxe4 Bxe4 42. Kg1 e5 43. dxe5 fxe5 44. Rc4 Rd1+ 45. Kf2 Rf8+ 46. Ke2 Bf3+ 47. Kf2 Be4+ 48. Ke2 Bf3+ 49. Kf2 h3 50. Bc5 Rf7 51. Kg3 Rd3 52. Ra4 Bd1+ 53. Kh4 Kg6 0-1

[Event "Karl Mala Memorial op-A 16th"]
[Site "Frankfurt"]
[Date "2013.07.12"]
[Round "3"]
[White "Reh, Stefan"]
[Black "Breuer, Yannick"]
[Result "1-0"]
[WhiteElo "2048"]
[BlackElo "1874"]
[PlyCount "63"]
[EventDate "2013.07.11"]
[EventType "swiss"]
[EventRounds "7"]
[EventCountry "GER"]
[SourceTitle "EXT 2014"]
[Source "ChessBase"]
[SourceDate "2013.11.20"]
[SourceVersion "1"]
[SourceVersionDate "2013.11.20"]
[SourceQuality "1"]

1. e4 e5 2. Nf3 Nc6 3. c3 Nf6 4. d4 exd4 5. e5 Nd5 6. Qb3 Nb6 7. cxd4 d5 8. Bb5 Bd7 9. 0-0 Ne7 10. Bd3 Ng6 11. Nc3 c5 12. Bg5 Qc8 13. dxc5 Bxc5 14. Nxd5 Nxd5 15. Qxd5 Be6 16. Bb5+ Kf8 17. Qd2 Be7 18. Rfd1 Bxg5 19. Nxg5 Qc7 20. Re1 Nxe5 21. Nxe6+ fxe6 22. Qf4+ Ke7 23. Rxe5 Rac8 24. h3 Rhf8 25. Qg5+ Kf7 26. Rae1 Kg8 27. Rxe6 Qc2 28. R1e2 Qb1+ 29. Kh2 Rc2 30. Re7 g6 31. Qd5+ Kh8 32. Qe5+ 1-0

[Event "Staufer op 24th"]
[Site "Schwaebisch Gmuend"]
[Date "2012.01.03"]
[Round "3"]
[White "Graf, Alexander"]
[Black "Reh, Stefan"]
[Result "1-0"]
[WhiteElo "2634"]
[BlackElo "2056"]
[PlyCount "55"]
[EventDate "2012.01.02"]
[EventType "swiss"]
[EventRounds "9"]
[EventCountry "GER"]
[SourceTitle "CBM 146 Extra"]
[Source "ChessBase"]
[SourceDate "2012.02.29"]
[SourceVersion "1"]
[SourceVersionDate "2012.02.29"]
[SourceQuality "1"]

1. d4 d5 2. c4 e6 3. Nc3 f5 4. Bf4 c6 5. e3 Bd6 6. Bd3 Nf6 7. Nf3 0-0 8. 0-0 Ne4 9. Qc2 g5 10. Bxd6 Nxd6 11. cxd5 exd5 12. b4 Nd7 13. b5 g4 14. Nd2 Qh4 15. bxc6 bxc6 16. Ne2 Bb7 17. Nb3 Ne4 18. Na5 Rf6 19. g3 Qh6 20. Nxb7 Ng5 21. h4 Nf3+ 22. Kg2 Nf8 23. Nc5 Ng6 24. Rh1 Nfxh4+ 25. Rxh4 Nxh4+ 26. gxh4 Re8 27. Nf4 g3 28. fxg3 1-0

[Event "Main Vogelsberg op 1st"]
[Site "Hanau"]
[Date "2006.05.01"]
[Round "6.10"]
[White "Reh, Stefan"]
[Black "Ehemann, Pascal"]
[Result "1-0"]
[WhiteElo "2123"]
[BlackElo "1910"]
[PlyCount "67"]
[EventDate "2006.04.28"]
[EventType "swiss"]
[EventRounds "7"]
[EventCountry "GER"]
[SourceTitle "EXT 2022"]
[Source "ChessBase"]
[SourceDate "2021.10.06"]
[SourceVersion "1"]
[SourceVersionDate "2021.10.06"]
[SourceQuality "1"]

1. e4 c5 2. b4 cxb4 3. d4 d5 4. exd5 Qxd5 5. Bb2 Bf5 6. c4 Qe4+ 7. Be2 e6 8. Nd2 Qc2 9. Qxc2 Bxc2 10. Bf3 Nc6 11. d5 exd5 12. cxd5 Nd8 13. Ne2 f6 14. 0-0 Bd6 15. Rfe1 Ne7 16. Nd4 Bg6 17. Nb5 Nf7 18. Nc4 Kd7 19. Re6 Bc5 20. Rae1 Ng5 21. Bd4 Bf5 22. Bxc5 Nxf3+ 23. gxf3 Bxe6 24. Rxe6 Nf5 25. Bxa7 Rae8 26. Rb6 Re1+ 27. Kg2 Ke7 28. Rxb7+ Ke8 29. Ncd6+ Nxd6 30. Nxd6+ Kf8 31. Rb8+ Ke7 32. Nf5+ Kf7 33. Rxh8 Kg6 34. Ng3 1-0

[Event "Main Vogelsberg op 1st"]
[Site "Hanau"]
[Date "2006.04.30"]
[Round "5.2"]
[White "Solonar, Stefan"]
[Black "Reh, Stefan"]
[Result "1-0"]
[WhiteElo "2346"]
[BlackElo "2123"]
[PlyCount "33"]
[EventDate "2006.04.28"]
[EventType "swiss"]
[EventRounds "7"]
[EventCountry "GER"]
[SourceTitle "EXT 2022"]
[Source "ChessBase"]
[SourceDate "2021.10.06"]
[SourceVersion "1"]
[SourceVersionDate "2021.10.06"]
[SourceQuality "1"]

1. c4 e5 2. Nc3 f5 3. d4 e4 4. Nh3 Nf6 5. Bg5 Be7 6. e3 0-0 7. Nf4 d6 8. Be2 Nbd7 9. Ne6 Qe8 10. Nxc7 Qg6 11. Bxf6 Nxf6 12. Nxa8 Qxg2 13. Kd2 f4 14. Qg1 Qh3 15. Nc7 Ng4 16. N7d5 Bh4 17. Qf1 1-0

[Event "Bad Zwesten op 4th"]
[Site "Bad Zwesten"]
[Date "2000.01.09"]
[Round "5"]
[White "Goetz, Andreas"]
[Black "Reh, Stefan"]
[Result "0-1"]
[WhiteElo "2176"]
[BlackElo "1916"]
[PlyCount "42"]
[EventDate "2000.01.??"]
[EventType "swiss"]
[EventRounds "9"]
[EventCountry "GER"]
[SourceTitle "EXT 2001"]
[Source "ChessBase"]
[SourceDate "2000.11.22"]
[SourceVersion "1"]
[SourceVersionDate "2000.11.22"]
[SourceQuality "1"]

1. e4 e5 2. Nf3 f5 3. d3 Nc6 4. g3 d6 5. Bg2 Nf6 6. Nbd2 Be7 7. 0-0 fxe4 8. dxe4 Bg4 9. c3 Qd7 10. b4 h5 11. h4 Nh7 12. Nc4 g5 13. b5 Nd8 14. Qd3 gxh4 15. Nxh4 Bxh4 16. gxh4 Rg8 17. Bg5 Nxg5 18. hxg5 Rxg5 19. Kh2 Ne6 20. Qd5 Nf4 21. Qxb7 Be2 0-1

[Event "Bad Zwesten op 4th"]
[Site "Bad Zwesten"]
[Date "2000.01.05"]
[Round "1"]
[White "Kritz, Leonid"]
[Black "Reh, Stefan"]
[Result "1-0"]
[WhiteElo "2336"]
[BlackElo "1916"]
[PlyCount "47"]
[EventDate "2000.01.??"]
[EventType "swiss"]
[EventRounds "9"]
[EventCountry "GER"]
[SourceTitle "EXT 2001"]
[Source "ChessBase"]
[SourceDate "2000.11.22"]
[SourceVersion "1"]
[SourceVersionDate "2000.11.22"]
[SourceQuality "1"]

1. e4 e5 2. d4 exd4 3. c3 d5 4. exd5 Qxd5 5. cxd4 Nc6 6. Nf3 Bg4 7. Be2 Nf6 8. 0-0 Bd6 9. h3 Qh5 10. hxg4 Nxg4 11. g3 0-0-0 12. Nh4 f5 13. Be3 Rhe8 14. Bxg4 fxg4 15. Qc2 Ne7 16. Nc3 Kb8 17. Rac1 g5 18. Nf5 Qh3 19. Nxd6 Rxd6 20. Qe4 Rh6 21. Qg2 Qh5 22. Rfe1 Rf8 23. Ne4 Nf5 24. Nc5 1-0

[Event "Hassloch op-A"]
[Site "Hassloch"]
[Date "1999.??.??"]
[Round "1"]
[White "Tschilingiri, Vladimir"]
[Black "Reh, Stefan"]
[Result "0-1"]
[WhiteElo "2060"]
[BlackElo "1865"]
[PlyCount "84"]
[EventDate "1999.05.??"]
[EventType "swiss"]
[EventRounds "7"]
[EventCountry "GER"]
[SourceTitle "EXT 2001"]
[Source "ChessBase"]
[SourceDate "2000.11.22"]
[SourceVersion "1"]
[SourceVersionDate "2000.11.22"]
[SourceQuality "1"]

1. e4 e5 2. Nf3 f5 3. Nxe5 Qf6 4. d4 d6 5. Nc4 fxe4 6. Nc3 Qg6 7. Ne3 Nf6 8. Bc4 c6 9. 0-0 d5 10. Bb3 Bd6 11. Ne2 Ng4 12. Ng3 h5 13. f4 exf3 14. Qxf3 Nxh2 15. Kxh2 h4 16. Nef5 Bxf5 17. Qxf5 Qxg3+ 18. Kg1 Qh2+ 19. Kf2 Rf8 20. Re1+ Kd8 21. Bg5+ Kc7 22. Qxf8 Bxf8 23. Re3 Qd6 24. Rf3 Qg6 25. Bxh4 Nd7 26. Re1 Bd6 27. c3 Rh8 28. Bg3 Bxg3+ 29. Rxg3 Rf8+ 30. Rf3 Rxf3+ 31. gxf3 Qg5 32. Re2 Kd6 33. Bc2 Qh4+ 34. Ke3 Nf6 35. Rg2 Qe1+ 36. Re2 Qg1+ 37. Kd3 Nh5 38. Re5 Nf4+ 39. Kd2 Qf2+ 40. Kc1 Qxf3 41. Bf5 Nd3+ 42. Bxd3 Qxd3 0-1